Modèles de voiture ayant un nom de prénom - Statistiques

Statistiques générales
  • Ce quiz a été pris 515 fois
  • Le résultat moyen est 4 sur 13
Statistiques - réponses
Marque Nom de la voiture % Correct
Mégane
81%
Clio
56%
Renault Zoé
56%
Ferrari Enzo
53%
Alfa Romeo Giulia
46%
Seat Léon
46%
Ferrari Dino
13%
Opel Adam
10%
Opel Karl
4%
Fiat Ulysse
3%
Lancia Aurélia
2%
Mitsubishi Céleste
0%
Nissan Gloria
0%
Aucun quiz correspondant
Distribution des résultats
% des personnes avec chaque résultat
Percentile par nombre de réponses
Votre historique - résultats
Vous n’avez pas pris ce quiz